{"text_format":"3","workbook":"xlsx","n_sheets":5,"sheets":["Orçamento","Mémoria de Cálculo","COMP-1","CRONOGRAMA","COTAÇÃO"],"not_rendered":{"images":4,"external_links":1,"defined_names":5},"read":"whole","date_system":"1900"}

{"sheet":"Orçamento","index":0,"n_rows":33,"n_cols":7,"rows_kept":33,"merged":[[0,0,0,4],[0,5,3,6],[1,1,1,2],[2,1,2,2],[3,1,3,2]]}
["PREFEITURA MUNICIPAL DE JOÃO NEIVA"]
["Obra:","REVITALIZAÇÃO DA COBERTURA DE TELHADO DO CEAR - CENTRO ASSOCIATIVO RENASCER",null,"Data base:","2020-02-01"]
["End. da obra: ","RUA SETE DE SETEMBRO, S/N, CENTRO, JOÃO NEIVA",null,"leis Sociais:",{"v":1.5727,"d":"157.27%"}]
["Resp. Técnico:","BRASILINO CAPUCHO RIBEIRO DA COSTA",null,"BDI:",{"v":0.3453,"d":"34.53%"}]
["ITEM","CÓD.","DESCRIÇÃO","UNIT.","QUANT.","R$ UNIT."," TOTAL"]
[1,null,"SERVIÇOS PRELIMINARES"]
["1.1","IOPES 020305","Placa de obra nas dimensões de 2.0 x 4.0 m, padrão IOPES","m²",{"$f":"'Mémoria de Cálculo'!K6","v":8},{"v":189.61,"d":"R$ 189.61"},{"$f":"TRUNC(ROUND(E7*F7*1.3453,2),2)","v":{"v":2040.66,"d":"R$ 2,040.66"}}]
["1.2","IOPES 020712","Rede de água com padrão de entrada d'água diâm. 3/4\", conf. espec. CESAN, incl. tubos e conexões para alimentação, distribuição, extravasor e limpeza, cons. o padrão a 25m, conf. projeto (1 utilização)","m",{"$f":"'Mémoria de Cálculo'!K7","v":15},{"v":32.24,"d":"R$ 32.24"},{"$f":"TRUNC(ROUND(E8*F8*1.3453,2),2)","v":{"v":650.59,"d":"R$ 650.59"}}]
["1.3","IOPES 020713","Rede de luz, incl. padrão entrada de energia trifás., cabo de ligação até barracões, quadro de distrib., disj. E chave de força (quando necessário), cons. 20m entre padrão entrada e QDG, conf. projeto (1 utilização)","m",{"$f":"'Mémoria de Cálculo'!K8","v":15},{"v":368.81,"d":"R$ 368.81"},{"v":7442.4,"d":"R$ 7,442.40"}]
["1.4","IOPES 020714","Rede de esgoto, contendo fossa e filtro, inclusive tubos e conexões de ligação entre caixas, considerando distância de 25m, conforme projeto (1 utilização)","m",{"$f":"'Mémoria de Cálculo'!K9","v":15},{"v":267.55,"d":"R$ 267.55"},{"v":5399.03,"d":"R$ 5,399.03"}]
["1.5","IOPES 020352","Aluguel mensal container para escritório, dim. 6.00x2.40m, c/ banheiro (vaso+lavat+chuveiro e básc), incl. porta, 2 janelas, abert p/ ar cond., 2 pt iluminação, 2 tom. elét. e 1 tom.telef. Isolam.térmico(teto e paredes), piso em comp. Naval, cert. NR18, incl. laudo descontaminação.","mês",{"$f":"'Mémoria de Cálculo'!K10","v":2},{"v":706.67,"d":"R$ 706.67"},{"v":1901.37,"d":"R$ 1,901.37"}]
["1.6","IOPES 020344","Mobilização e desmobilização de conteiner locado para barracão de obra","Und",1,{"v":875,"d":"R$ 875.00"},{"v":1177.14,"d":"R$ 1,177.14"}]
[null,null,"SUB-TOTAL 01",{"$nulls":3},{"$f":"SUM(G7:G12)","v":{"v":18611.19,"d":"R$ 18,611.19"}}]
[]
[2,null,"DEMOLIÇÕES E RETIRADAS"]
["2.1","IOPES 010256","Remoção de telha ondulada de fibrocimento, inclusive cumeeira","m²",{"$f":"'Mémoria de Cálculo'!K15","v":{"v":496.94200000000006,"d":"496.94"}},{"v":5.553,"d":"R$ 5.55"},{"$f":"TRUNC(ROUND(E16*F16*1.3453,2),2)","v":{"v":3712.38,"d":"R$ 3,712.38"}}]
["2.2","IOPES 010326","Retirada de estrutura em madeira do telhado","m²",{"$f":"'Mémoria de Cálculo'!K18","v":{"v":496.94200000000006,"d":"496.94"}},{"v":21.22,"d":"R$ 21.22"},{"v":14186.34,"d":"R$ 14,186.34"}]
["2.3","IOPES 030304","Índice de preço para remoção de entulho decorrente da execução de obras (Classe A CONAMA - NBR 10.004 - Classe II-B), incluindo aluguel da caçamba, carga, transporte e descarga em área licenciada","m³",{"$f":"'Mémoria de Cálculo'!K19","v":{"v":55,"d":"55.00"}},{"v":46.01,"d":"R$ 46.01"},{"v":3404.35,"d":"R$ 3,404.35"}]
[null,null,"SUB-TOTAL 02",{"$nulls":3},{"$f":"SUM(G16:G17)","v":{"v":17898.72,"d":"R$ 17,898.72"}}]
[]
[3,null,"COBERTURA"]
["3.1","IOPES 090221","Cobert. telha termoacustica tipo forro aço galv trapez. 40, e=0.43mm, pint. face. sup. cor branca, face inf. Plana revest. Pelicula PVC Text., incl. acess. fix. nucleo isolante poliuretano (injeção contínua) e=30mm, ref. Isoeste, Sto André, Eternit, Metform ou equivalente.","m²",{"$f":"'Mémoria de Cálculo'!K23","v":{"v":496.94200000000006,"d":"496.94"}},{"v":107.39,"d":"R$ 107.39"},{"$f":"TRUNC(ROUND(E22*F22*1.3453,2),2)","v":{"v":71794.09,"d":"R$ 71,794.09"}}]
["3.2","SINAPI 92580","TRAMA DE AÇO COMPOSTA POR TERÇAS PARA TELHADOS DE ATÉ 2 ÁGUAS PARA TELHA ONDULADA DE FIBROCIMENTO, METÁLICA, PLÁSTICA OU TERMOACÚSTICA, INCLUSO TRANSPORTE VERTICAL.","m²",{"$f":"'Mémoria de Cálculo'!K29","v":{"v":993.8840000000001,"d":"993.88"}},{"v":28.46,"d":"R$ 28.46"},{"v":38053.07,"d":"R$ 38,053.07"}]
["3.3","IOPES 090312","Calha em chapa galvanizada com largura de 40 cm","m",{"$f":"'Mémoria de Cálculo'!K33","v":{"v":67,"d":"67.00"}},{"v":128.28,"d":"R$ 128.28"},{"v":11562.53,"d":"R$ 11,562.53"}]
[null,null,"SUB-TOTAL 03",{"$nulls":3},{"$f":"SUM(G22:G24)","v":{"v":121409.69,"d":"R$ 121,409.69"}}]
[]
[4,null,"CAPTAÇÃO DE ÁGUA DE CHUVA"]
["4.1","170528","Reservatório de polietileno de 5.000 L, inclusive peça de madeira 6 x 16 cm para apoio, exclusive flanges e torneira de bóia","und",{"$f":"'Mémoria de Cálculo'!K35","v":6},{"v":2686.23,"d":"R$ 2,686.23"},{"$f":"TRUNC(ROUND(E28*F28*1.3453,2),2)","v":{"v":21682.71,"d":"R$ 21,682.71"}}]
[null,null,"SUB-TOTAL 04",{"$nulls":3},{"$f":"G28","v":{"v":21682.71,"d":"R$ 21,682.71"}}]
[5,null,"INSTALAÇÕES FOTOVOLTAICAS"]
[null,"Comp-1","Fornecimento e instalação de Gerador Solar 5,36kWp - Telha Trapezoidal -  - Mono 220V","und",{"$f":"'Mémoria de Cálculo'!E37","v":1},{"$f":"'COMP-1'!K31","v":{"v":22299.181419666664,"d":"R$ 22,299.18"}},{"$f":"TRUNC(ROUND(E31*F31,2),2)","v":{"v":22299.18,"d":"R$ 22,299.18"}}]
[null,null,"SUB-TOTAL 05",{"$nulls":3},{"$f":"G31","v":{"v":22299.18,"d":"R$ 22,299.18"}}]
[{"$nulls":5},"TOTAL",{"$f":"SUM(G13,G19,G25,G29,G32)","v":{"v":201901.49,"d":"R$ 201,901.49"}}]

{"sheet":"Mémoria de Cálculo","index":1,"n_rows":37,"n_cols":11,"rows_kept":37,"merged":[[0,0,0,9],[0,10,2,10],[1,1,1,9],[2,1,2,9]]}
["PREFEITURA MUNICIPAL DE JOÃO NEIVA\nMEMÓRIA DE CÁLCULO"]
["Obra:","REVITALIZAÇÃO DA COBERTURA DE TELHADO DO CEAR - CENTRO ASSOCIATIVO RENASCER"]
["End. da obra: ","RUA SETE DE SETEMBRO, S/N, CENTRO, JOÃO NEIVA"]
["ITEM","CÓD.","DESCRIÇÃO","UNIT.","QUANT.","LARGURA (m)","COMPRIMENTO (m)","ALTURA (m)","ÁREA (m²)","VOLUME (m³)"," TOTAL"]
[1,null,"SERVIÇOS PRELIMINARES"]
["1.1","IOPES 020305","Placa de obra nas dimensões de 2.0 x 4.0 m, padrão IOPES","m²",1,null,{"v":4,"d":"4.00"},2,{"$f":"G6*H6","v":8},null,{"$f":"I6","v":8}]
["1.2","IOPES 020712","Rede de água com padrão de entrada d'água diâm. 3/4\", conf. espec. CESAN, incl. tubos e conexões para alimentação, distribuição, extravasor e limpeza, cons. o padrão a 25m, conf. projeto (1 utilização)","m",15,{"$nulls":5},{"$f":"E7","v":15}]
["1.3","IOPES 020713","Rede de luz, incl. padrão entrada de energia trifás., cabo de ligação até barracões, quadro de distrib., disj. E chave de força (quando necessário), cons. 20m entre padrão entrada e QDG, conf. projeto (1 utilização)","m",15,{"$nulls":5},{"$f":"E8","v":15}]
["1.4","IOPES 020714","Rede de esgoto, contendo fossa e filtro, inclusive tubos e conexões de ligação entre caixas, considerando distância de 25m, conforme projeto (1 utilização)","m",15,{"$nulls":5},{"$f":"E9","v":15}]
["1.5","IOPES 020352","Aluguel mensal container para escritório, dim. 6.00x2.40m, c/ banheiro (vaso+lavat+chuveiro e básc), incl. porta, 2 janelas, abert p/ ar cond., 2 pt iluminação, 2 tom. elét. e 1 tom.telef. Isolam.térmico(teto e paredes), piso em comp. Naval, cert. NR18, incl. laudo descontaminação.","mês",2,{"$nulls":5},{"$f":"E10","v":2}]
["1.6","IOPES 020344","Mobilização e desmobilização de conteiner locado para barracão de obra","Und",1,{"$nulls":5},{"$f":"E11","v":1}]
[2,null,"DEMOLIÇÕES E RETIRADAS"]
["2.1","IOPES 010256","Remoção de telha ondulada de fibrocimento, inclusive cumeeira","m²",null,15.46,{"v":20.8,"d":"20.80"},null,{"$f":"F13*G13","v":321.56800000000004}]
[{"$nulls":5},10.86,{"v":3.1,"d":"3.10"},null,33.666]
[{"$nulls":5},14.46,{"v":9.8,"d":"9.80"},null,141.70800000000003,null,{"$f":"SUM(I13:I15)","v":496.94200000000006}]
["2.2","IOPES 010326","Retirada de estrutura em madeira do telhado","m²",null,15.46,{"v":20.8,"d":"20.80"},null,321.56800000000004]
[{"$nulls":5},10.86,{"v":3.1,"d":"3.10"},null,33.666]
[{"$nulls":5},14.46,{"v":9.8,"d":"9.80"},null,141.70800000000003,null,{"$f":"SUM(I16:I18)","v":496.94200000000006}]
["2.3",null,"Índice de preço para remoção de entulho decorrente da execução de obras (Classe A CONAMA - NBR 10.004 - Classe II-B), incluindo aluguel da caçamba, carga, transporte e descarga em área licenciada","m³",{"$nulls":5},55,{"$f":"J19","v":55}]
[3,null,"COBERTURA"]
["3.1","IOPES 090221","Cobert. telha termoacustica tipo forro aço galv trapez. 40, e=0.43mm, pint. face. sup. cor branca, face inf. Plana revest. Pelicula PVC Text., incl. acess. fix. nucleo isolante poliuretano (injeção contínua) e=30mm, ref. Isoeste, Sto André, Eternit, Metform ou equivalente.","m²",null,15.46,{"v":20.8,"d":"20.80"},null,{"$f":"F21*G21","v":321.56800000000004}]
[{"$nulls":5},10.86,{"v":3.1,"d":"3.10"},null,33.666]
[{"$nulls":5},14.46,{"v":9.8,"d":"9.80"},null,141.70800000000003,null,{"$f":"SUM(I21:I23)","v":496.94200000000006}]
["3.2","SINAPI 92580","TRAMA DE AÇO COMPOSTA POR TERÇAS PARA TELHADOS DE ATÉ 2 ÁGUAS PARA TELHA ONDULADA DE FIBROCIMENTO, METÁLICA, PLÁSTICA OU TERMOACÚSTICA, INCLUSO TRANSPORTE VERTICAL.","m²",null,15.46,{"v":20.8,"d":"20.80"},null,321.56800000000004]
[{"$nulls":5},10.86,{"v":3.1,"d":"3.10"},null,33.666]
[{"$nulls":5},14.46,{"v":9.8,"d":"9.80"},null,141.70800000000003,null,{"$f":"SUM(I24:I26)","v":496.94200000000006}]
[null,null,"As vigas do projeto são o mesmo perfil das terças",{"$nulls":7},{"$f":"SUM(I24:I26)","v":496.94200000000006}]
[]
[{"$nulls":10},{"$f":"SUM(K26:K27)","v":993.8840000000001}]
["3.3","IOPES 090312","Calha em chapa galvanizada com largura de 40 cm","m",null,null,{"v":32.9,"d":"32.90"}]
[{"$nulls":6},{"v":20.8,"d":"20.80"}]
[{"$nulls":6},{"v":3.9,"d":"3.90"}]
[{"$nulls":6},{"v":9.4,"d":"9.40"},{"$nulls":3},{"$f":"SUM(G30:G33)","v":{"v":67,"d":"67.00"}}]
[4,null,"CAPTAÇÃO DE ÁGUA DE CHUVA"]
["4.1","170528","Reservatório de polietileno de 5.000 L, inclusive peça de madeira 6 x 16 cm para apoio, exclusive flanges e torneira de bóia","und",6,{"$nulls":5},{"$f":"E35","v":6}]
[5,null,"INSTALAÇÕES FOTOVOLTAICAS"]
["5.1",null,"Fornecimento e instalação de Gerador Solar 5,36kWp - Telha Trapezoidal -  - Mono 220V",null,1]

{"sheet":"COMP-1","index":2,"n_rows":31,"n_cols":11,"rows_kept":31,"merged":[[4,0,6,9],[7,1,7,10],[8,1,8,10],[9,0,9,10],[11,0,11,10],[12,2,12,6],[13,2,13,6],[14,2,14,6],[15,0,15,9],[17,0,17,10],[18,2,18,6],[19,2,19,6],[20,2,20,6],[22,0,22,9],[23,0,23,10],[24,0,24,10],[25,0,25,9],[26,0,26,9],[27,0,27,9],[29,0,29,9],[30,0,30,9]]}
["PREFEITURA MUNICIPAL DE JOÃO NEIVA"]
["MEMORIAL DE CÁLCULO"]
[{"$f":"[1]PO!B3","v":"OBRA: REVITALIZAÇÃO DA PRACINHA DO TRIÂNGULO E PINTURA DO CANTEIRO CENTRAL "}]
["LOCAL: JOÃO NEIVA-ES"]
["COMPOSIÇÃO ANALÍTICA DE PREÇO UNITÁRIO",{"$nulls":9},"Data-base"]
[{"$nulls":10},"2020-02-01"]
[{"$nulls":10},"COMP-1"]
["SERVIÇO:","Fornecimento e instalação de Gerador Solar 5,36kWp - Telha Trapezoidal -  - Mono 220V"]
["UND: ","und"]
[]
[]
["MÃO-DE-OBRA/FERRAMENTA"]
["CÓD.","ORGÃO","DESCRIÇÃO",{"$nulls":4},"UND","COEF","R$ UNIT.","R$ PARCIAL"]
[10115,"IOPES","ELETRICISTA (LABOR)",{"$nulls":4},"H",{"v":10,"d":"10.00"},{"v":17.29,"d":"R$ 17.29"},{"$f":"J14*I14","v":{"v":172.89999999999998,"d":"R$ 172.90"}}]
[10101,"IOPES","AJUDANTE (LABOR)",{"$nulls":4},"H",{"v":12,"d":"12.00"},{"v":14.59,"d":"R$ 14.59"},{"$f":"J15*I15","v":{"v":175.07999999999998,"d":"R$ 175.08"}}]
["TOTAL A",{"$nulls":9},{"$f":"SUM(K14:K15)","v":{"v":347.97999999999996,"d":"R$ 347.98"}}]
[]
["MATERIAIS"]
["CÓD.","ORGÃO","DESCRIÇÃO",{"$nulls":4},"UND","COEF","R$ UNIT.","R$ PARCIAL"]
[null,"COT - 1",{"$f":"COTAÇÃO!B7","v":"Gerador Solar 5,36kWp - Telha Trapezoidal -  - Mono 220V "},{"$nulls":4},"und",1,{"$f":"COTAÇÃO!O7","v":{"v":18946.976666666666,"d":"18946.98"}},{"$f":"I20*J20","v":{"v":18946.976666666666,"d":"R$ 18,946.98"}}]
[{"$nulls":10},{"$f":"J21*I21","v":{"v":0,"d":"R$ 0.00"}}]
[]
["TOTAL B",{"$nulls":9},{"$f":"SUM(K20:K21)","v":{"v":18946.976666666666,"d":"R$ 18,946.98"}}]
[]
["RESUMO"]
["TOTAL  A",{"$nulls":9},{"$f":"K16","v":{"v":347.97999999999996,"d":"347.98"}}]
["TOTAL  B",{"$nulls":9},{"$f":"K23","v":{"v":18946.976666666666,"d":"18,946.98"}}]
["TOTAL C ( A+B)",{"$nulls":9},{"$f":"K26+K27","v":{"v":19294.956666666665,"d":"19,294.96"}}]
[{"$nulls":9},"BDI DIFERENCIADO (15,57%)",{"$f":"K28*0.1557","v":{"v":3004.224753,"d":"3,004.22"}}]
["TOTAL ",{"$nulls":9},{"$f":"K28+K29","v":{"v":22299.181419666664,"d":"22,299.18"}}]
["PREÇO DE VENDA",{"$nulls":9},{"$f":"K30","v":{"v":22299.181419666664,"d":"R$ 22,299.18"}}]

{"sheet":"CRONOGRAMA","index":3,"n_rows":21,"n_cols":7,"rows_kept":21,"merged":[[0,12,3,13],[2,0,2,6],[3,0,3,6],[5,0,6,0],[5,1,6,1],[7,0,8,0],[7,1,8,1],[9,0,10,0],[9,1,10,1],[11,0,12,0],[11,1,12,1],[13,0,14,0],[13,1,14,1],[15,0,16,2],[17,0,17,3],[18,0,18,3],[19,0,19,3],[20,0,20,3]]}
["PREFEITURA MUNICIPAL DE JOÃO NEIVA"]
["CRONOGRAMA FÍSICO-FINANCEIRO"]
["OBRA: REVITALIZAÇÃO DA COBERTURA DE TELHADO DO CEAR - CENTRO ASSOCIATIVO RENASCER"]
["ENDEREÇO: RUA SETE DE SETEMBRO, S/N, CENTRO, JOÃO NEIVA"]
["ITEM","DESCRIÇÃO",null,"VALORES DO ITEM % / R$","1° MÊS","2° MÊS","3° MÊS"]
["01",{"$f":"'Mémoria de Cálculo'!C5","v":"SERVIÇOS PRELIMINARES"},"FÍSICO (%)",{"$f":"D7/D17","v":{"v":0.0921795574663664,"d":"9.22%"}},{"v":1,"d":"100%"}]
[null,null,"FINANCEIRO (R$)",{"$f":"Orçamento!G13","v":{"v":18611.19,"d":"R$ 18,611.19"}},{"$f":"D7*E6","v":{"v":18611.19,"d":"R$ 18,611.19"}}]
["02",{"$f":"'Mémoria de Cálculo'!C12","v":"DEMOLIÇÕES E RETIRADAS"},"FÍSICO (%)",{"$f":"D9/D17","v":{"v":0.08865075735696652,"d":"8.87%"}},{"v":1,"d":"100.00%"}]
[null,null,"FINANCEIRO (R$)",{"$f":"Orçamento!G19","v":{"v":17898.72,"d":"R$ 17,898.72"}},{"$f":"E8*D9","v":{"v":17898.72,"d":"R$ 17,898.72"}}]
["03",{"$f":"'Mémoria de Cálculo'!C20","v":"COBERTURA"},"FÍSICO (%)",{"$f":"D11/D17","v":{"v":0.6013313225177288,"d":"60.13%"}},{"v":0.3,"d":"30.00%"},{"v":0.7,"d":"70%"},{"$f":"G11/D11","v":{"v":0,"d":"0%"}}]
[null,null,"FINANCEIRO (R$)",{"$f":"Orçamento!G25","v":{"v":121409.69,"d":"R$ 121,409.69"}},{"$f":"E10*D11","v":{"v":36422.907,"d":"R$ 36,422.91"}},{"$f":"F10*D11","v":{"v":84986.783,"d":"R$ 84,986.78"}}]
["04",{"$f":"'Mémoria de Cálculo'!C34","v":"CAPTAÇÃO DE ÁGUA DE CHUVA"},"FÍSICO (%)",{"$f":"D13/D17","v":{"v":0.10739252097644252,"d":"10.74%"}},null,null,{"v":1,"d":"100%"}]
[null,null,"FINANCEIRO (R$)",{"$f":"Orçamento!G29","v":{"v":21682.71,"d":"R$ 21,682.71"}},null,null,{"$f":"G12*D13","v":{"v":21682.71,"d":"R$ 21,682.71"}}]
["05",{"$f":"'Mémoria de Cálculo'!C36","v":"INSTALAÇÕES FOTOVOLTAICAS"},"FÍSICO (%)",{"$f":"D15/D17","v":{"v":0.11044584168249576,"d":"11.04%"}},null,null,{"v":1,"d":"100%"}]
[null,null,"FINANCEIRO (R$)",{"$f":"Orçamento!G32","v":{"v":22299.18,"d":"R$ 22,299.18"}},null,null,{"$f":"G14*D15","v":{"v":22299.18,"d":"R$ 22,299.18"}}]
["TOTAL",null,null,{"$f":"D6+D8+D10+D12+D14","v":{"v":0.9999999999999999,"d":"100.00%"}}]
[{"$nulls":3},{"$f":"D7+D9+D11+D13+D15","v":{"v":201901.49,"d":"R$ 201,901.49"}}]
["VALOR DOS SERVIÇOS EXECUTADOS NO MÊS",{"$nulls":3},{"$f":"E7+E9+E11+E13+E15","v":{"v":72932.81700000001,"d":"R$ 72,932.82"}},{"$f":"F7+F9+F11+F13+F15","v":{"v":84986.783,"d":"R$ 84,986.78"}},{"$f":"G7+G9+G11+G13+G15","v":{"v":43981.89,"d":"R$ 43,981.89"}}]
["PERCENTUAL DOS SERVIÇOS EXECUTADOS NO MÊS",{"$nulls":3},{"$f":"E18/D17","v":{"v":0.36122971157865164,"d":"36%"}},{"$f":"F18/D17","v":{"v":0.4209319257624102,"d":"42%"}},{"$f":"G18/D17","v":{"v":0.21783836265893827,"d":"22%"}}]
["VALOR ACUMULADO DOS SERVIÇOS EXECUTADOS ",{"$nulls":3},{"$f":"E18","v":{"v":72932.81700000001,"d":"R$ 72,932.82"}},{"$f":"F18+E20","v":{"v":157919.6,"d":"R$ 157,919.60"}},{"$f":"G18+F20","v":{"v":201901.49,"d":"R$ 201,901.49"}}]
["PERCENTUAL ACUMULADO DOS SERVIÇOS EXECUTADOS",{"$nulls":3},{"$f":"E19","v":{"v":0.36122971157865164,"d":"36%"}},{"$f":"F19+E21","v":{"v":0.7821616373410618,"d":"78%"}},{"$f":"G19+F21","v":{"v":1,"d":"100%"}}]

{"sheet":"COTAÇÃO","index":4,"n_rows":7,"n_cols":16,"rows_kept":7,"merged":[[0,1,0,8],[0,13,0,15],[1,1,1,4],[2,1,2,4],[2,13,2,15],[3,1,3,4],[3,9,3,10],[4,0,5,0],[4,1,5,1],[4,2,5,2],[4,3,5,3],[4,4,5,4],[4,5,5,5],[4,6,5,6],[4,7,5,7],[4,8,5,8],[4,9,5,9],[4,10,5,10],[4,11,5,11],[4,12,5,12],[4,13,5,13],[4,14,5,14],[4,15,5,15]]}
[null,"PREFEITURA MUNICIPAL DE JOÃO NEIVA"]
[null,"COTAÇÃO"]
[null,"OBRA: REVITALIZAÇÃO DA COBERTURA DE TELHADO DO CEAR - CENTRO ASSOCIATIVO RENASCER"]
[null,"LOCAL: JOÃO NEIVA-ES"]
["ITEM","DESCRIÇÃO","FORNECEDOR 1","CONTATO","PREÇO ","DATA ","FORNECEDOR 2","CONTATO","PREÇO","DATA","FORNECEDOR 3","CONTATO","PREÇO","DATA","PREÇO MEDIA","OBSERVAÇÕES"]
[]
[1,"Gerador Solar 5,36kWp - Telha Trapezoidal -  - Mono 220V ","NEOSOLAR","https://www.neosolar.com.br/loja/gerador-solar-5-36kwp-byd-fronius-telha-trapezoidal-mono-220v.html",{"v":20469.9,"d":"R$ 20,469.90"},"2020-07-10","MOBIMAX SOLAR","https://www.mobimax.com.br/produto/kit-gerador-energia-solar-6-24kwp-telha-ceramica-71103?utm_source=&utm_medium=&utm_campaign=",{"v":17294.74,"d":"R$ 17,294.74"},"2020-07-10","OUROLUX SOLAR","https://solar.ourolux.com.br/gerador-solar-5-28kw-1x220v-ourolux.html",18005.29,"2020-07-10",{"$f":"AVERAGE(E7,I7,M7)+357","v":{"v":18946.976666666666,"d":"R$ 18,946.98"}},"FRETE MAXIMO R$ 357,00"]